000 00880nam a2200277 a 4500
999 _c2649
_d2649
001 4772633
003 GZU
005 20201104120012.0
008 861029s1985 rh b 000 0 eng
010 _a 86098552
040 _aDLC
_cDLC
_dDLC
043 _af-rh---
050 0 0 _aHX526
_b.C48 1985
082 0 0 _a320.5/31/096891
_219
100 1 _aChung, Fay.
245 1 0 _aSocialism, education, and development :
_ba challenge to Zimbabwe /
_cby Fay Chung and Emmanuel Ngara.
260 _aHarare, Zimbabwe :
_bZimbabwe Pub. House,
_cc1985.
300 _avi, 148 p. ;
_c21 cm.
504 _aIncludes bibliographies.
650 0 _aSocialism and education
_zZimbabwe.
650 0 _aSocialism
_zZimbabwe.
651 0 _aZimbabwe
_xEconomic conditions.
700 1 _aNgara, Emmanuel.
906 _a7
_bcbc
_corignew
_d2
_eopcn
_f19
_gy-gencatlg
942 _2lcc
_cBK
_h562
_iCHU
_kHX
_m1985